000 00667nam a2200289Ia 4500
005 20260324132742.0
008 008 260324s9999 xx 000 0 eng d
020 _a9780203340448
037 _aEBOOK
040 _aCRL
040 _beng
040 _cCRL
041 _2eng
041 _aeng
084 _qCRL
100 _aH. A. R. Gibb; Ibn Battuta
_91190491
245 0 _aTravels in Asia and Africa
245 0 _b1325-1354
260 _bTaylor and Francis
260 _c2004
365 _a
365 _b420
856 _uhttp://www.taylorfrancis.com/books/9780203340448
942 _cEBOOK
999 _c1788853
_d1788853